La flore des Alpes - Statistiques

Statistiques générales
  • Ce quiz a été pris 46 fois
  • Le résultat moyen est 9 sur 26
Statistiques - réponses
Par images Réponse % Correct
Edelweiss (Leontopodium Alpinum)
83%
Chardon ou Panicaut bleu des Alpes (Eryngium Alpinum)
74%
Gentiane acaule (Gentiana Acaulis)
60%
Gentiane jaune ou grande Gentiane (Gentiana Lutea)
60%
Crocus printanier (Crocus Vernus)
57%
Pensée des Alpes (Viola Calcarata
49%
Arnica des montagnes (Arnica Montana)
43%
Aster des Alpes (Aster Alpinus)
43%
Digitale pourpre (Digitalis Purpurea)
43%
Colchique des Alpes (Colchicum Alpinum)
40%
Génépi jaune (Artemisia Umbelliformis)
40%
Sabot de Venus (Cypripedium Calceolus)
40%
Ancolie des Alpes (Aquilegia Alpina)
34%
Joubarbe des montagnes (Sempervivum montanum)
34%
Lis Martagon (Lilium Martagon)
34%
Orchis vanillé ou Nigritelle noire (Nigritella Rhellicani)
26%
Rhododendron Ferrugineux (Rhododendron Ferrugineum)
26%
Centaurée des montagnes (Centaurea Montana)
23%
Anémone ou Pulsatille de printemps (Pulsatilla Vernalis)
20%
Linaigrette de Scheuchzer (Eriophorum Scheuchzeri)
20%
Trolle des montagnes (Trollius Europaeus)
20%
Vératre blanc (Veratrum Album)
17%
Androsace alpine (Androsace Alpina)
14%
Carline à feuilles d'acanthe (Carlina Acanthifolia)
14%
Silène des rochers (Silene Rupestris)
9%
Chénopode bon-Henri (Blitum Bonus-Henricus)
6%
Aucun quiz correspondant
Distribution des résultats
% des personnes avec chaque résultat
Percentile par nombre de réponses
Votre historique - résultats
Vous n’avez pas pris ce quiz